[Event "11. Europa ch 2010 Femenino"]
[Site "Rijeka CRO"]
[Date "2010.03.11"]
[Round "6.56"]
[White "Coimbra, Margarida"]
[Black "Semenova, Irina"]
[Result "0-1"]
[WhiteElo "2123"]
[BlackElo "2272"]
[PlyCount "74"]
[EventDate "2010.03.06"]
[EventType "swiss"]
[EventRounds "11"]
[EventCountry "CRO"]
[Source "lmi"]
[SourceDate "2010.03.06"]

1. e4 e5 2. Nf3 Nc6 3. d4 exd4 4. Nxd4 Bc5 5. Be3 Qf6 6. c3 Nge7 7. Bc4 Ne5 8.
Be2 d5 9. O-O O-O 10. f4 N5c6 11. e5 Qh4 12. Qd2 Bxd4 13. cxd4 f5 14. Nc3 Be6
15. Rf3 Ng6 16. Rh3 Qe7 17. Bh5 Nh8 18. g4 fxg4 19. Rg3 Qd7 20. Qe2 Ne7 21.
Bxg4 Bxg4 22. Qxg4 Qxg4 23. Rxg4 c6 24. Kh1 Nf5 25. Rag1 Ng6 26. Nd1 Nxe3 27.
Nxe3 Rxf4 28. Rxf4 Nxf4 29. Nf5 Ne6 30. Nh6+ Kf8 31. Rf1+ Ke7 32. Nf5+ Kf7 33.
Nd6+ Kg8 34. Nxb7 Nxd4 35. Re1 Rb8 36. Na5 Rxb2 37. Nxc6 Nf3 0-1

[Event "11. Europa ch 2010 Femenino"]
[Site "Rijeka CRO"]
[Date "2010.03.11"]
[Round "6.57"]
[White "Baciu, Diana"]
[Black "Tarasova, Viktoriya"]
[Result "0-1"]
[WhiteElo "2146"]
[BlackElo "2261"]
[PlyCount "67"]
[EventDate "2010.03.06"]
[EventType "swiss"]
[EventRounds "11"]
[EventCountry "CRO"]
[Source "lmi"]
[SourceDate "2010.03.06"]

1. e4 c5 2. c3 d5 3. exd5 Qxd5 4. d4 e6 5. Nf3 Nf6 6. Na3 Nc6 7. Nb5 Qd8 8.
dxc5 Bxc5 9. Qxd8+ Kxd8 10. Bf4 Ne4 11. Be3 Bxe3 12. fxe3 Ke7 13. Be2 Bd7 14.
O-O Rhd8 15. Rad1 a6 16. Nbd4 Nf6 17. Nxc6+ Bxc6 18. Ne5 Be4 19. Rd4 Rd5 20.
Nf3 Ra5 21. a3 e5 22. Rb4 Bc6 23. Nd2 Rd5 24. Nc4 Rad8 25. g4 e4 26. Kf2 Nd7
27. Nb6 Nxb6 28. Rxb6 Rd2 29. Ke1 Rc2 30. Bxa6 Rdd2 31. Bxb7 Rxh2 32. Kd1 Ba4
33. Rb4 Rxb2+ 34. Ke1 0-1

[Event "11. Europa ch 2010 Femenino"]
[Site "Rijeka CRO"]
[Date "2010.03.11"]
[Round "6.59"]
[White "Videnova, Iva"]
[Black "Bogumil, Tatiana"]
[Result "1-0"]
[WhiteElo "2258"]
[BlackElo "2201"]
[PlyCount "83"]
[EventDate "2010.03.06"]
[EventType "swiss"]
[EventRounds "11"]
[EventCountry "CRO"]
[Source "lmi"]
[SourceDate "2010.03.06"]

1. e4 c5 2. Nf3 Nc6 3. d4 cxd4 4. Nxd4 Nf6 5. Nc3 d6 6. Bg5 Qb6 7. Nb3 h6 8.
Be3 Qc7 9. f3 a6 10. Qd2 Ne5 11. O-O-O Bd7 12. f4 Nc6 13. Nd5 Nxd5 14. exd5 Na7
15. Kb1 b5 16. Rc1 Bf5 17. Ka1 Qd7 18. Qa5 Qb7 19. c4 e6 20. Nd4 Be7 21. Nxf5
exf5 22. Bxa7 Rxa7 23. cxb5 O-O 24. bxa6 Qb8 25. Bb5 Bf6 26. Rc2 Bd8 27. Qa4
Bb6 28. Kb1 Re7 29. Bc6 Qa7 30. Qb5 Be3 31. g3 Qd4 32. Qc4 Qa7 33. Re1 Re4 34.
Qd3 Bc5 35. Rxe4 fxe4 36. Qc4 Qb6 37. Qb5 Qd8 38. Rxc5 dxc5 39. a7 Qe7 40. a8=Q
Rxa8 41. Bxa8 e3 42. d6 1-0

[Event "11. Europa ch 2010 Femenino"]
[Site "Rijeka CRO"]
[Date "2010.03.11"]
[Round "6.60"]
[White "Fakhiridou, Ekaterini"]
[Black "Van Weersel, Arlette"]
[Result "1-0"]
[WhiteElo "2252"]
[BlackElo "2197"]
[PlyCount "91"]
[EventDate "2010.03.06"]
[EventType "swiss"]
[EventRounds "11"]
[EventCountry "CRO"]
[Source "lmi"]
[SourceDate "2010.03.06"]

1. e4 e5 2. Nf3 Nc6 3. d4 exd4 4. Nxd4 Bc5 5. Nb3 Bb6 6. Nc3 Qf6 7. Qe2 Nge7 8.
Be3 O-O 9. O-O-O Bxe3+ 10. Qxe3 a5 11. a3 Nd8 12. e5 Qg6 13. Bd3 f5 14. Nc5 Kh8
15. Bc4 f4 16. Qd3 Qxd3 17. Rxd3 Nec6 18. Nxd7 Bxd7 19. Rxd7 Nxe5 20. Rxc7 f3
21. g3 Ng4 22. Nd1 Nc6 23. h3 Nf6 24. Re1 Rab8 25. Bd3 Rfd8 26. Nc3 Ne8 27. Rf7
Nf6 28. Re3 h6 29. Ne4 Ne5 30. Re7 Nc6 31. Re6 Nd4 32. Re5 Nd5 33. Re1 b5 34.
Nd6 Ne2+ 35. Bxe2 Rxd6 36. Bxf3 Nf6 37. Be2 b4 38. axb4 axb4 39. Rb5 Ra8 40.
Bd3 Rd4 41. Re7 Kg8 42. Rbb7 Kf8 43. Rf7+ Ke8 44. Rxg7 Kd8 45. Rgf7 Nd7 46.
Rbxd7+ 1-0

[Event "11. Europa ch 2010 Femenino"]
[Site "Rijeka CRO"]
[Date "2010.03.11"]
[Round "6.61"]
[White "Jelica, Mara"]
[Black "Butuc, Maria"]
[Result "0-1"]
[WhiteElo "2235"]
[BlackElo "2194"]
[PlyCount "82"]
[EventDate "2010.03.06"]
[EventType "swiss"]
[EventRounds "11"]
[EventCountry "CRO"]
[Source "lmi"]
[SourceDate "2010.03.06"]

1. e4 c6 2. d4 d5 3. Nd2 dxe4 4. Nxe4 Nd7 5. Ng5 Ngf6 6. Bd3 e6 7. N1f3 Bd6 8.
O-O h6 9. Ne4 Nxe4 10. Bxe4 O-O 11. Qe2 e5 12. dxe5 Nxe5 13. Nxe5 Bxe5 14. Bh7+
Kxh7 15. Qxe5 Be6 16. b3 Qd5 17. Qc7 Qd7 18. Qg3 Rad8 19. Bb2 f6 20. Rfe1 Rfe8
21. h4 Bg4 22. c4 c5 23. Bc3 Bh5 24. Kh2 Qc6 25. Qf4 Qd7 26. Rac1 b6 27. f3 Bg6
28. a3 a5 29. Rcd1 Qxd1 30. Rxd1 Rxd1 31. Qc7 Re6 32. b4 axb4 33. axb4 Rd3 34.
bxc5 bxc5 35. h5 Bxh5 36. Qxc5 Bg6 37. Qa5 Re2 38. Bb4 Rxf3 39. Bf8 Rff2 40. c5
Rxg2+ 41. Kh3 Bf5+ 0-1

[Event "11. Europa ch 2010 Femenino"]
[Site "Rijeka CRO"]
[Date "2010.03.11"]
[Round "6.62"]
[White "Papadopoulou, Vera"]
[Black "Kushka, Alena"]
[Result "1-0"]
[WhiteElo "2228"]
[BlackElo "2164"]
[PlyCount "97"]
[EventDate "2010.03.06"]
[EventType "swiss"]
[EventRounds "11"]
[EventCountry "CRO"]
[Source "lmi"]
[SourceDate "2010.03.06"]

1. d4 Nf6 2. c4 c5 3. Nf3 e6 4. Nc3 cxd4 5. Nxd4 Bb4 6. g3 O-O 7. Bg2 d5 8.
cxd5 Nxd5 9. Qb3 Bc5 10. Ndb5 Nxc3 11. Nxc3 Nc6 12. O-O a6 13. Ne4 Be7 14. Be3
Nd4 15. Bxd4 Qxd4 16. Rfd1 Qe5 17. Rac1 a5 18. Qb6 Qb8 19. Nc5 Ra7 20. a3 e5
21. h3 h5 22. Rd5 Bf5 23. Rcd1 Ra8 24. Nd7 Bxd7 25. Rxd7 Bd8 26. Qb3 Ra7 27.
Bd5 b5 28. Bxf7+ Kh8 29. Qf3 Ra6 30. Qxh5+ Rh6 31. Qg4 Qb6 32. e3 Qf6 33. R1d2
Bb6 34. Bd5 Rg6 35. Qh5+ Rh6 36. Qg4 a4 37. Bg2 Ba5 38. Rc2 Be1 39. Qe2 Qe6 40.
Qg4 Qxg4 41. hxg4 Rhf6 42. f4 Bxg3 43. f5 R6f7 44. Rxf7 Rxf7 45. Bd5 Rd7 46. e4
Bf4 47. Rc3 g6 48. Rc8+ Kh7 49. f6 1-0

[Event "11. Europa ch 2010 Femenino"]
[Site "Rijeka CRO"]
[Date "2010.03.11"]
[Round "6.63"]
[White "Brunello, Marina"]
[Black "Abdulla, Khayala Mardan Qizi"]
[Result "0-1"]
[WhiteElo "2217"]
[BlackElo "2141"]
[PlyCount "54"]
[EventDate "2010.03.06"]
[EventType "swiss"]
[EventRounds "11"]
[EventCountry "CRO"]
[Source "lmi"]
[SourceDate "2010.03.06"]

1. e4 c5 2. c3 d5 3. exd5 Qxd5 4. d4 e6 5. Nf3 Nf6 6. Be2 Nc6 7. O-O cxd4 8.
cxd4 Be7 9. Nc3 Qd6 10. Be3 O-O 11. a3 b6 12. b4 Bb7 13. Qb3 Rac8 14. Rfd1 Rfd8
15. Rac1 Nd5 16. Ne4 Qb8 17. Bd3 h6 18. Ng3 Bd6 19. Bb1 Nxe3 20. fxe3 Bxg3 21.
hxg3 Qxg3 22. Rf1 Ne7 23. Rxc8 Rxc8 24. e4 Ng6 25. Qd3 Nf4 26. Qd2 Ba6 27. Re1
Be2 0-1

[Event "11. Europa ch 2010 Femenino"]
[Site "Rijeka CRO"]
[Date "2010.03.11"]
[Round "6.64"]
[White "Medic, Mirjana"]
[Black "Berke, Ana"]
[Result "1/2-1/2"]
[WhiteElo "2279"]
[BlackElo "2097"]
[PlyCount "91"]
[EventDate "2010.03.06"]
[EventType "swiss"]
[EventRounds "11"]
[EventCountry "CRO"]
[Source "lmi"]
[SourceDate "2010.03.06"]

1. d4 Nf6 2. c4 c5 3. d5 b5 4. cxb5 a6 5. bxa6 d6 6. Nc3 Bxa6 7. Nf3 g6 8. g3
Bg7 9. Bg2 Nbd7 10. Rb1 O-O 11. O-O Ne8 12. Qc2 Nc7 13. Rd1 Bxc3 14. bxc3 Bc4
15. e4 Rxa2 16. Rb2 Rxb2 17. Qxb2 Qb8 18. Nd2 Be2 19. Re1 Qxb2 20. Bxb2 Rb8 21.
Ba1 Bd3 22. c4 Ra8 23. Bf1 Bxf1 24. Nxf1 f6 25. Rb1 Kf7 26. Kg2 Rb8 27. Rxb8
Nxb8 28. f4 Nd7 29. Kf3 h5 30. Nd2 Na8 31. Ke3 Nab6 32. Kd3 e5 33. dxe6+ Kxe6
34. Nf3 Nc8 35. Nh4 Ne7 36. h3 f5 37. Nf3 fxe4+ 38. Kxe4 Nb6 39. Ng5+ Kd7 40.
Kd3 d5 41. cxd5 Nbxd5 42. Nf3 Ke6 43. Kc4 Kd6 44. Be5+ Kc6 45. Kd3 Nf5 46. g4
1/2-1/2

[Event "11. Europa ch 2010 Femenino"]
[Site "Rijeka CRO"]
[Date "2010.03.11"]
[Round "6.65"]
[White "Nemcova, Katerina"]
[Black "Trofimova, Antonina"]
[Result "1-0"]
[WhiteElo "2264"]
[BlackElo "2182"]
[PlyCount "135"]
[EventDate "2010.03.06"]
[EventType "swiss"]
[EventRounds "11"]
[EventCountry "CRO"]
[Source "lmi"]
[SourceDate "2010.03.06"]

1. e4 c5 2. Nf3 e6 3. d4 cxd4 4. Nxd4 a6 5. Nc3 Qc7 6. Bd3 Nc6 7. Nb3 Nf6 8. f4
d6 9. Qf3 Be7 10. g4 Rb8 11. Bd2 b5 12. Ne2 d5 13. exd5 Nxd5 14. c3 Bb7 15. Rf1
Nb6 16. Qh3 Nc4 17. Bc1 Rd8 18. Bxc4 bxc4 19. Nbd4 Nxd4 20. Nxd4 Bc5 21. Be3
O-O 22. O-O-O Be4 23. Nc2 Rd3 24. Rxd3 Bxd3 25. Rd1 Bxe3+ 26. Qxe3 Bxc2 27.
Kxc2 Qa5 28. Kb1 Rb8 29. Rd6 Qb5 30. Qd2 h6 31. Rd4 Qc6 32. Qe2 Qh1+ 33. Rd1
Qc6 34. Rd4 Qh1+ 35. Rd1 Qc6 36. h4 a5 37. h5 a4 38. a3 Qb5 39. Rd4 Rc8 40. Qe4
Rb8 41. Rd2 Qc5 42. Ka2 Qb5 43. Qd4 Re8 44. Re2 Rb8 45. Qd6 Qb3+ 46. Ka1 Qb5
47. Rd2 Re8 48. Re2 Rb8 49. Qb4 Qxb4 50. axb4 Kf8 51. Ka2 Ke7 52. Re4 Rc8 53.
Ka3 g5 54. Kxa4 gxf4 55. Rxf4 e5 56. Rf2 Rg8 57. b5 Rxg4 58. b6 Ke6 59. Kb5 f5
60. b3 cxb3 61. b7 Rg8 62. c4 e4 63. c5 e3 64. Rb2 f4 65. c6 Kd6 66. Kb6 f3 67.
c7 f2 68. b8=Q 1-0

[Event "11. Europa ch 2010 Femenino"]
[Site "Rijeka CRO"]
[Date "2010.03.11"]
[Round "6.67"]
[White "Sargac, Rajna"]
[Black "Shaidullina, Sandugach"]
[Result "1/2-1/2"]
[WhiteElo "2157"]
[BlackElo "2218"]
[PlyCount "191"]
[EventDate "2010.03.06"]
[EventType "swiss"]
[EventRounds "11"]
[EventCountry "CRO"]
[Source "lmi"]
[SourceDate "2010.03.06"]

1. d4 d5 2. Nf3 Nf6 3. c4 c6 4. e3 Bf5 5. Nc3 e6 6. Qb3 Qb6 7. c5 Qc7 8. Be2
Nbd7 9. O-O b6 10. cxb6 axb6 11. Bd2 Ne4 12. Nxe4 dxe4 13. Ne5 Bd6 14. Rfc1
Bxe5 15. dxe5 O-O 16. Bc3 Nc5 17. Qc4 Ra4 18. b4 Nd7 19. Bd1 b5 20. Qd4 Ra3 21.
Bb3 Rfa8 22. Bb2 R3a6 23. Rc2 Rd8 24. Rd1 Raa8 25. Rcd2 Nf8 26. Qc5 Rd3 27.
Rxd3 exd3 28. f3 Nd7 29. Qc3 Qa7 30. Qd4 c5 31. bxc5 Nxc5 32. e4 Bg6 33. Qe3
Qe7 34. Bd4 Nxb3 35. axb3 h5 36. Qxd3 Qb4 37. Qc3 Qxc3 38. Bxc3 Ra3 39. Rb1 h4
40. Kf2 Ra2+ 41. Rb2 Ra1 42. h3 Rc1 43. Bd2 Rc5 44. b4 Rxe5 45. Bf4 Rh5 46. Rd2
f6 47. Rd8+ Kf7 48. Bd6 Bh7 49. Rf8+ Kg6 50. Rb8 Kf7 51. Rb7+ Kg8 52. Bc5 f5
53. Rb8+ Kf7 54. e5 f4 55. Rf8+ Kg6 56. Bd6 Kh6 57. Rxf4 Bf5 58. Be7 g5 59. Rd4
Kg6 60. Rd8 Kf7 61. Bf6 Bc2 62. Ke3 Bb3 63. Rd7+ Kg6 64. Rb7 Bc4 65. Rg7+ Kf5
66. Rf7 Kg6 67. Rf8 Bf1 68. Kf2 Bd3 69. Be7 Kg7 70. Rf6 Bc4 71. Rf8 Kg6 72. Ke3
g4 73. hxg4 Rxe5+ 74. Kf4 Re2 75. Bxh4 Rxg2 76. Be7 Re2 77. Bd6 Bd5 78. g5 Rc2
79. Rf6+ Kh7 80. Rh6+ Kg8 81. g6 Kg7 82. Rh3 Kxg6 83. Rg3+ Kf7 84. Bc5 Rc4+ 85.
Ke5 Rc3 86. Kf4 Rd3 87. Rh3 Kf6 88. Rh6+ Kg7 89. Rh3 Kg6 90. Ke5 Bxf3 91. Kf4
e5+ 92. Kxe5 Rd5+ 93. Kf4 Rf5+ 94. Ke3 Bd5 95. Kd4 Bc4 96. Rh8 1/2-1/2

[Event "11. Europa ch 2010 Femenino"]
[Site "Rijeka CRO"]
[Date "2010.03.11"]
[Round "6.68"]
[White "Cherednichenko, Elena"]
[Black "Djukic, Sandra"]
[Result "1/2-1/2"]
[WhiteElo "2100"]
[BlackElo "2214"]
[PlyCount "25"]
[EventDate "2010.03.06"]
[EventType "swiss"]
[EventRounds "11"]
[EventCountry "CRO"]
[Source "lmi"]
[SourceDate "2010.03.06"]

1. d4 d5 2. Nf3 Nf6 3. e3 c5 4. dxc5 Qa5+ 5. Nbd2 Qxc5 6. a3 Bf5 7. c4 dxc4 8.
Nxc4 Qd5 9. Qxd5 Nxd5 10. Nd4 Bd7 11. Ne5 a6 12. Bc4 e6 13. Bd2 1/2-1/2

[Event "11. Europa ch 2010 Femenino"]
[Site "Rijeka CRO"]
[Date "2010.03.11"]
[Round "6.69"]
[White "Semenova, Elena"]
[Black "Brunello, Roberta"]
[Result "0-1"]
[WhiteElo "2195"]
[BlackElo "2043"]
[PlyCount "80"]
[EventDate "2010.03.06"]
[EventType "swiss"]
[EventRounds "11"]
[EventCountry "CRO"]
[Source "lmi"]
[SourceDate "2010.03.06"]

1. e4 e5 2. Nf3 Nc6 3. Bb5 a6 4. Bxc6 dxc6 5. Nc3 f6 6. d4 exd4 7. Nxd4 c5 8.
Nde2 Qxd1+ 9. Nxd1 Be6 10. Bf4 O-O-O 11. Ne3 Ne7 12. h4 Nc6 13. h5 c4 14. Bg3
Bc5 15. Nf4 Bf7 16. Nf5 Rhe8 17. O-O Rxe4 18. Nxg7 Rd2 19. Rae1 Rxe1 20. Rxe1
Rxc2 21. Nfe6 Bb4 22. Re4 Rxb2 23. Rxc4 Re2 24. a3 Ba5 25. Rxc6 bxc6 26. Nd4
Re1+ 27. Kh2 c5 28. Nc6 Bb6 29. Nf5 Kd7 30. Nb8+ Kc8 31. Nc6 Bxh5 32. a4 Be8
33. Nfe7+ Kd7 34. a5 Ba7 35. Bf4 Rxe7 36. Nxa7 Re4 37. Bc1 c6 38. f3 Rc4 39.
Bb2 Kc7 40. Bxf6 Kb7 0-1

[Event "11. Europa ch 2010 Femenino"]
[Site "Rijeka CRO"]
[Date "2010.03.11"]
[Round "6.70"]
[White "Tonel, Giulia"]
[Black "Kopinits, Anna Christina"]
[Result "1/2-1/2"]
[WhiteElo "2023"]
[BlackElo "2183"]
[PlyCount "124"]
[EventDate "2010.03.06"]
[EventType "swiss"]
[EventRounds "11"]
[EventCountry "CRO"]
[Source "lmi"]
[SourceDate "2010.03.06"]

1. e4 c5 2. Nf3 d6 3. d4 Nf6 4. Nc3 cxd4 5. Bb5+ Bd7 6. Bxd7+ Nbxd7 7. Qxd4 g6
8. O-O Bg7 9. Nd5 O-O 10. c3 Nxd5 11. Qxd5 Qb6 12. Be3 Qc6 13. Rad1 Nb6 14. Qb3
Nc4 15. Rfe1 a5 16. a4 Rac8 17. Nd4 Qd7 18. Nb5 Qe6 19. Qc2 Ne5 20. b3 Nc6 21.
Bb6 Nb4 22. Qd2 Nc6 23. c4 Nb4 24. Bxa5 Nc6 25. Bc3 Ne5 26. h3 Kh8 27. Qd5 Qxd5
28. exd5 Rfe8 29. f4 Nd7 30. Bxg7+ Kxg7 31. Re3 Nc5 32. Rde1 Kf8 33. a5 Na6 34.
Kf2 Nb4 35. R1e2 Na6 36. Kg3 Rcd8 37. Kg4 Rd7 38. Kg5 Kg7 39. Kg4 Kf6 40. Kf3
h5 41. g4 hxg4+ 42. hxg4 g5 43. Nd4 Nc7 44. b4 gxf4 45. Kxf4 e5+ 46. dxe6 Nxe6+
47. Nxe6 fxe6 48. g5+ Kf7 49. Rh2 Kg7 50. Reh3 Rf7+ 51. Ke4 Kg6 52. b5 d5+ 53.
cxd5 exd5+ 54. Kxd5 Rf5+ 55. Kc4 Re4+ 56. Kd3 Ra4 57. Rh6+ Kg7 58. Rh7+ Kg8 59.
Rxb7 Rf3+ 60. Ke2 Rb3 61. Rf2 Rxa5 62. Kf1 Raxb5 1/2-1/2

[Event "11. Europa ch 2010 Femenino"]
[Site "Rijeka CRO"]
[Date "2010.03.11"]
[Round "6.71"]
[White "Yusuphanova, Saida"]
[Black "Drljevic, Ljilja"]
[Result "1-0"]
[WhiteElo "1843"]
[BlackElo "2248"]
[PlyCount "33"]
[EventDate "2010.03.06"]
[EventType "swiss"]
[EventRounds "11"]
[EventCountry "CRO"]
[Source "lmi"]
[SourceDate "2010.03.06"]

1. e4 g6 2. Nc3 d6 3. d4 Bg7 4. Nf3 Nf6 5. Be2 O-O 6. O-O Nbd7 7. h3 e5 8. dxe5
dxe5 9. Be3 c6 10. Qd2 Qe7 11. Rad1 Nc5 12. Bxc5 Qxc5 13. Na4 Qe7 14. Qa5 Nxe4
15. Nb6 Rb8 16. Qxa7 Nc5 17. Qxb8 1-0

[Event "11. Europa ch 2010 Femenino"]
[Site "Rijeka CRO"]
[Date "2010.03.11"]
[Round "6.72"]
[White "Severiukhina, Zoja"]
[Black "Racki, Barbara"]
[Result "1-0"]
[WhiteElo "2355"]
[BlackElo "1698"]
[PlyCount "61"]
[EventDate "2010.03.06"]
[EventType "swiss"]
[EventRounds "11"]
[EventCountry "CRO"]
[Source "lmi"]
[SourceDate "2010.03.06"]

1. e4 e5 2. Nf3 Nc6 3. Bb5 a6 4. Ba4 Nf6 5. O-O Be7 6. Re1 b5 7. Bb3 O-O 8. a4
b4 9. d3 d6 10. Nbd2 Na5 11. Ba2 c5 12. c3 bxc3 13. bxc3 Nd7 14. Nb3 Rb8 15.
Nxa5 Qxa5 16. Bg5 Bxg5 17. Nxg5 Nf6 18. Qc1 Bg4 19. Re3 Nh5 20. h3 Bd7 21. Kh2
h6 22. Nf3 Kh8 23. g3 Be6 24. Nd2 Bxa2 25. Rxa2 Qc7 26. Rf3 Nf6 27. Nf1 Rb7 28.
Rxf6 gxf6 29. Qxh6+ Kg8 30. Ne3 f5 31. Nd5 1-0

[Event "11. Europa ch 2010 Femenino"]
[Site "Rijeka CRO"]
[Date "2010.03.11"]
[Round "6.73"]
[White "Kharatyan, Anahit"]
[Black "Samanic, Verena"]
[Result "1-0"]
[WhiteElo "2117"]
[BlackElo "1607"]
[PlyCount "65"]
[EventDate "2010.03.06"]
[EventType "swiss"]
[EventRounds "11"]
[EventCountry "CRO"]
[Source "lmi"]
[SourceDate "2010.03.06"]

1. e4 e5 2. d4 exd4 3. c3 dxc3 4. Bc4 Bb4 5. bxc3 Bc5 6. Bxf7+ Kxf7 7. Qd5+ Kf8
8. Qxc5+ d6 9. Qc4 Qe7 10. Nf3 h6 11. O-O Nf6 12. e5 dxe5 13. Ba3 Nc6 14. Bxe7+
Kxe7 15. Nh4 Be6 16. Ng6+ Kf7 17. Nxh8+ Rxh8 18. Qb5 Rb8 19. Nd2 a6 20. Qe2 Kg8
21. f4 Bg4 22. Qc4+ Kh8 23. Ne4 Nxe4 24. Qxe4 exf4 25. Rxf4 Bh5 26. Raf1 Rg8
27. Rf8 a5 28. Qd5 Rxf8 29. Rxf8+ Kh7 30. Qxh5 Ne7 31. Qf7 Ng6 32. Rg8 a4 33.
Qxg7# 1-0

[Event "11. Europa ch 2010 Femenino"]
[Site "Rijeka CRO"]
[Date "2010.03.11"]
[Round "6.74"]
[White "Kanceljak, Dalia"]
[Black "Ikonomopoulou, Maria"]
[Result "1/2-1/2"]
[WhiteElo "1939"]
[BlackElo "2081"]
[PlyCount "120"]
[EventDate "2010.03.06"]
[EventType "swiss"]
[EventRounds "11"]
[EventCountry "CRO"]
[Source "lmi"]
[SourceDate "2010.03.06"]

1. e4 e6 2. d4 d5 3. exd5 exd5 4. Nf3 Bd6 5. Nc3 c6 6. h3 Ne7 7. Bd3 h6 8. O-O
Be6 9. Ne2 Qc7 10. b3 Nd7 11. c4 b6 12. Bd2 g5 13. Nc3 Nf6 14. Rc1 a6 15. cxd5
Nexd5 16. Ne4 Nxe4 17. Bxe4 O-O-O 18. Qe2 Kb7 19. Rc2 Rc8 20. Rfc1 Qd7 21. Bd3
b5 22. Ne5 Bxe5 23. dxe5 Rhg8 24. Be4 g4 25. hxg4 Bxg4 26. Bf3 Bh3 27. Kh2 Bf5
28. Rc5 Be6 29. a4 Rg6 30. axb5 axb5 31. Be3 Bg4 32. Ra1 Bxf3 33. Qxf3 Nxe3 34.
Qxe3 Ra8 35. Rxa8 Kxa8 36. Qe4 Kb8 37. Rc3 Qe6 38. Rd3 Rg4 39. Qe3 Kb7 40. Rd6
Rh4+ 41. Kg1 Qf5 42. Qc1 Qc8 43. Qd1 Qf5 44. Rd7+ Kb6 45. Re7 Re4 46. Qa1 Kc5
47. Qc3+ Kd5 48. Rc7 Qe6 49. Qd3+ Kxe5 50. Qc3+ Kd5 51. b4 Re1+ 52. Kh2 Qd6+
53. g3 Qxc7 54. Qd2+ Ke6 55. Qxe1+ Qe5 56. Qc1 Qh5+ 57. Kg1 Kd7 58. Qd2+ Ke7
59. Qe3+ Kd6 60. Qd4+ Ke6 1/2-1/2

[Event "11. Europa ch 2010 Femenino"]
[Site "Rijeka CRO"]
[Date "2010.03.11"]
[Round "6.78"]
[White "Goslawska, Cecylia"]
[Black "Kukic, Lora"]
[Result "0-1"]
[WhiteElo "1683"]
[BlackElo "1723"]
[PlyCount "66"]
[EventDate "2010.03.06"]
[EventType "swiss"]
[EventRounds "11"]
[EventCountry "CRO"]
[Source "lmi"]
[SourceDate "2010.03.06"]

1. d4 Nf6 2. c4 e6 3. Nf3 c5 4. e3 d5 5. Nc3 Be7 6. Bd3 a6 7. a4 Nc6 8. cxd5
exd5 9. O-O O-O 10. b3 Bg4 11. Be2 Rc8 12. Bb2 cxd4 13. exd4 Qb6 14. Na2 Ne4
15. h3 Bh5 16. Nc3 Rfd8 17. Nxe4 dxe4 18. Nd2 Bxe2 19. Qxe2 Nxd4 20. Qxe4 Bf6
21. Bxd4 Rxd4 22. Qe3 Qb4 23. Rac1 Rcd8 24. Rc4 Qxd2 25. Rxd4 Qxd4 26. Qf3 Qd5
27. Qe3 h6 28. Re1 Qd2 29. Qe4 Bd4 30. Re2 Qd1+ 31. Re1 Qxb3 32. Rb1 Qxa4 33.
Rxb7 Bxf2+ 0-1

[Event "11. Europa ch 2010 Femenino"]
[Site "Rijeka CRO"]
[Date "2010.03.12"]
[Round "7.1"]
[White "Galojan, Lilit"]
[Black "Socko, Monika"]
[Result "1/2-1/2"]
[WhiteElo "2380"]
[BlackElo "2465"]
[PlyCount "74"]
[EventDate "2010.03.06"]
[EventType "swiss"]
[EventRounds "11"]
[EventCountry "CRO"]
[Source "lmi"]
[SourceDate "2010.03.06"]

1. d4 Nf6 2. c4 e6 3. Nc3 Bb4 4. Qc2 O-O 5. a3 Bxc3+ 6. Qxc3 d6 7. Bg5 Nbd7 8.
e3 b6 9. Ne2 Ba6 10. Qc2 c5 11. Rd1 Qc7 12. Qa4 Bb7 13. Nc3 a6 14. Qc2 h6 15.
Bh4 Rac8 16. Qd2 Qb8 17. f3 Rfe8 18. Be2 d5 19. cxd5 exd5 20. Bg3 Qa7 21. O-O
c4 22. a4 Bc6 23. Ra1 Qb7 24. b4 b5 25. axb5 axb5 26. Ra5 Ra8 27. Rfa1 Nb6 28.
Bd6 Na4 29. Nxa4 bxa4 30. Bd1 Nd7 31. Qc3 Bb5 32. Bc2 Re6 33. Bg3 Rea6 34. e4
Nf6 35. e5 Nd7 36. Rxa6 Rxa6 37. f4 Qa7 1/2-1/2

[Event "11. Europa ch 2010 Femenino"]
[Site "Rijeka CRO"]
[Date "2010.03.12"]
[Round "7.4"]
[White "Muzychuk, Anna"]
[Black "Skripchenko, Almira"]
[Result "1/2-1/2"]
[WhiteElo "2533"]
[BlackElo "2456"]
[PlyCount "118"]
[EventDate "2010.03.06"]
[EventType "swiss"]
[EventRounds "11"]
[EventCountry "CRO"]
[Source "lmi"]
[SourceDate "2010.03.06"]

1. e4 c5 2. Nf3 e6 3. d4 cxd4 4. Nxd4 Nc6 5. Nc3 Qc7 6. Be3 Nf6 7. f4 Bb4 8.
Ndb5 Qa5 9. e5 Nd5 10. Bd2 Nxc3 11. Bxc3 O-O 12. Qd2 a6 13. Bxb4 Qxb4 14. Qxb4
Nxb4 15. Nd4 f6 16. exf6 gxf6 17. c3 Nc6 18. O-O-O Kf7 19. Be2 Ke7 20. Bf3 f5
21. Rhe1 Nd8 22. Rd3 Rb8 23. Bd1 b5 24. Rh3 Rf7 25. Bh5 Rf8 26. g4 fxg4 27.
Bxg4 Rxf4 28. Rxh7+ Kd6 29. h3 Nc6 30. Ne2 Rf8 31. Rd1+ Kc5 32. b4+ Kb6 33. Rd6
a5 34. Nd4 axb4 35. cxb4 Rf4 36. Nxc6 Rc4+ 37. Kb2 Rxc6 38. Rxc6+ Kxc6 39. Rh8
Kc7 40. h4 Rb6 41. h5 Rd6 42. Kc3 Rc6+ 43. Kd2 Rc4 44. Be2 Rh4 45. Bxb5 e5 46.
h6 d5 47. a4 Rh2+ 48. Ke1 e4 49. Bc6 Be6 50. b5 e3 51. h7 Bf5 52. Re8 Rxh7 53.
Rxe3 Rh1+ 54. Kd2 Ra1 55. Re7+ Kb6 56. Rb7+ Kc5 57. Rc7 Kb6 58. Rb7+ Kc5 59.
Be8 Rxa4 1/2-1/2

[Event "11. Europa ch 2010 Femenino"]
[Site "Rijeka CRO"]
[Date "2010.03.12"]
[Round "7.5"]
[White "Kosintseva, Tatiana"]
[Black "Muzychuk, Mariya"]
[Result "1/2-1/2"]
[WhiteElo "2524"]
[BlackElo "2444"]
[PlyCount "83"]
[EventDate "2010.03.06"]
[EventType "swiss"]
[EventRounds "11"]
[EventCountry "CRO"]
[Source "lmi"]
[SourceDate "2010.03.06"]

1. e4 c5 2. Nf3 e6 3. d4 cxd4 4. Nxd4 Nf6 5. Nc3 Nc6 6. Nxc6 bxc6 7. e5 Nd5 8.
Ne4 Qc7 9. f4 Qa5+ 10. Bd2 Qb6 11. Bd3 Be7 12. Qe2 Rb8 13. b3 O-O 14. c4 Ba6
15. Rd1 f5 16. exf6 Nxf6 17. Nf2 Bc5 18. O-O Rbe8 19. b4 Bd4 20. c5 Bxd3 21.
Qxd3 Bxf2+ 22. Rxf2 Qb5 23. Qxb5 cxb5 24. Rf3 Rb8 25. Bc3 Nd5 26. Be5 Ra8 27.
a3 a5 28. Bd6 Rfc8 29. a4 axb4 30. axb5 Nc3 31. Rxc3 bxc3 32. b6 Re8 33. Rc1
Ra3 34. b7 Rb3 35. b8=Q Rexb8 36. Bxb8 Rxb8 37. Rxc3 Kf7 38. Kf2 Rc8 39. Ke3
Rc6 40. Kd4 d6 41. cxd6 Rxd6+ 42. Ke3 1/2-1/2

[Event "11. Europa ch 2010 Femenino"]
[Site "Rijeka CRO"]
[Date "2010.03.12"]
[Round "7.6"]
[White "Cramling, Pia"]
[Black "Kovalevskaya, Ekaterina"]
[Result "1-0"]
[WhiteElo "2523"]
[BlackElo "2438"]
[PlyCount "77"]
[EventDate "2010.03.06"]
[EventType "swiss"]
[EventRounds "11"]
[EventCountry "CRO"]
[Source "lmi"]
[SourceDate "2010.03.06"]

1. Nf3 Nf6 2. c4 c5 3. g3 Nc6 4. Bg2 e5 5. Nc3 Be7 6. O-O O-O 7. d3 d6 8. a3
Bd7 9. Rb1 a5 10. Nd2 Qc8 11. Nde4 Bh3 12. Nxf6+ Bxf6 13. Nd5 Bd8 14. b4 Bxg2
15. Kxg2 axb4 16. axb4 b6 17. Bd2 Ne7 18. Nc3 f5 19. e3 Ra3 20. Qf3 Qe6 21. Qe2
d5 22. bxc5 bxc5 23. Nb5 Ra2 24. Ra1 Qa6 25. Rxa2 Qxa2 26. Nc3 Qa8 27. cxd5
Nxd5 28. Qf3 e4 29. dxe4 Nxc3 30. Bxc3 fxe4 31. Qh5 Qc6 32. Rd1 Bf6 33. Bxf6
Qxf6 34. Rd2 Kh8 35. Qxc5 Qf3+ 36. Kg1 h5 37. h4 Ra8 38. Qc3 Ra6 39. Qc8+ 1-0

[Event "11. Europa ch 2010 Femenino"]
[Site "Rijeka CRO"]
[Date "2010.03.12"]
[Round "7.7"]
[White "Khurtsidze, Nino"]
[Black "Zhukova, Natalia"]
[Result "1/2-1/2"]
[WhiteElo "2434"]
[BlackElo "2492"]
[PlyCount "34"]
[EventDate "2010.03.06"]
[EventType "swiss"]
[EventRounds "11"]
[EventCountry "CRO"]
[Source "lmi"]
[SourceDate "2010.03.06"]

1. d4 d5 2. c4 e6 3. Nf3 Nf6 4. e3 a6 5. Nc3 Nbd7 6. b3 b6 7. Bd3 Bb7 8. O-O
Bd6 9. cxd5 exd5 10. Qc2 O-O 11. Bb2 Qe7 12. Rac1 Rfe8 13. Ne2 Rac8 14. Ng3 g6
15. Qe2 Ra8 16. Qc2 Rac8 17. Qe2 Ra8 1/2-1/2